[Event "Hamburg CC Easter op 4th"]
[Site "Hamburg"]
[Date "2018.04.02"]
[Round "7"]
[White "Englert, Barbara"]
[Black "Von Knobloch, Hanno"]
[Result "0-1"]
[WhiteElo "1273"]
[BlackElo "1383"]
[PlyCount "58"]
[EventDate "2018.03.30"]
[EventType "swiss"]
[EventRounds "7"]
[EventCountry "GER"]
[SourceTitle "CBM 183 Extra"]
[Source "ChessBase"]
[SourceDate "2018.04.19"]
[SourceVersion "1"]
[SourceVersionDate "2018.04.19"]
[SourceQuality "1"]

1. e4 e5 2. Nf3 Nc6 3. d4 exd4 4. Nxd4 Nf6 5. Bg5 h6 6. Bh4 Be7 7. Nxc6 bxc6 8. e5 Nd5 9. Bxe7 Qxe7 10. Qd4 0-0 11. Bc4 Bb7 12. 0-0 c5 13. Qe4 c6 14. Re1 Rfe8 15. Nd2 Qg5 16. Bd3 Qxd2 17. Qh7+ Kf8 18. Rad1 Qg5 19. g3 Re6 20. Bf5 Ree8 21. Bxd7 Rxe5 22. h4 Qf6 23. c4 Rd8 24. cxd5 Rxd7 25. Qh8+ Ke7 26. Rd3 Rxe1+ 27. Kg2 cxd5 28. Rf3 d4 29. Qh7 Qxf3+ 0-1

[Event "Hamburg CC Easter op 4th"]
[Site "Hamburg"]
[Date "2018.04.01"]
[Round "6"]
[White "Von Knobloch, Hanno"]
[Black "Fuhrmann, Bahne"]
[Result "0-1"]
[WhiteElo "1383"]
[BlackElo "1593"]
[PlyCount "68"]
[EventDate "2018.03.30"]
[EventType "swiss"]
[EventRounds "7"]
[EventCountry "GER"]
[SourceTitle "CBM 183 Extra"]
[Source "ChessBase"]
[SourceDate "2018.04.19"]
[SourceVersion "1"]
[SourceVersionDate "2018.04.19"]
[SourceQuality "1"]

1. e4 e5 2. Nf3 Nc6 3. Bc4 Nf6 4. d3 Bc5 5. Bg5 h6 6. Bh4 0-0 7. 0-0 Re8 8. Nbd2 g5 9. Bg3 d5 10. exd5 Nxd5 11. Ne4 Be7 12. Nxe5 Na5 13. Qf3 Rf8 14. Bxd5 Kg7 15. Nc3 c6 16. Nxf7 Qd7 17. Be5+ Kg8 18. Nxg5+ Qxd5 19. Qxd5+ cxd5 20. Nxd5 Bxg5 21. f4 Bd8 22. Rae1 Bd7 23. Rf3 Bh4 24. Ree3 Nc6 25. c3 Rf7 26. g3 Be7 27. d4 Bg4 28. Rf2 Rd8 29. Nxe7+ Nxe7 30. Kg2 Be6 31. b3 Nd5 32. Ref3 Bg4 33. Rd3 Bf5 34. Rd1 Ne3+ 0-1

[Event "Hamburg CC Easter op 4th"]
[Site "Hamburg"]
[Date "2018.03.31"]
[Round "4"]
[White "Von Knobloch, Hanno"]
[Black "Christensen, Andreas"]
[Result "0-1"]
[WhiteElo "1383"]
[BlackElo "1838"]
[PlyCount "58"]
[EventDate "2018.03.30"]
[EventType "swiss"]
[EventRounds "7"]
[EventCountry "GER"]
[SourceTitle "CBM 183 Extra"]
[Source "ChessBase"]
[SourceDate "2018.04.19"]
[SourceVersion "1"]
[SourceVersionDate "2018.04.19"]
[SourceQuality "1"]

1. e4 c5 2. Nf3 e6 3. d4 cxd4 4. Nxd4 Nc6 5. Nc3 Qc7 6. Be3 a6 7. Be2 Nf6 8. f3 Be7 9. Qd2 d5 10. exd5 exd5 11. 0-0-0 Nxd4 12. Bxd4 Be6 13. Bxf6 Bxf6 14. Nxd5 Bxd5 15. Qxd5 0-0 16. Qb3 Rae8 17. Bd3 Re6 18. c3 Rfe8 19. Be4 b5 20. Qc2 g6 21. h4 Bg7 22. h5 Rc8 23. Rd3 b4 24. Kd2 Qa5 25. b3 Qg5+ 26. Kd1 Bxc3 27. hxg6 hxg6 28. Rd5 Qg3 29. Bd3 Re1+ 0-1

[Event "Hamburg CC Easter op 4th"]
[Site "Hamburg"]
[Date "2018.03.30"]
[Round "1"]
[White "Emami, Madjid"]
[Black "Von Knobloch, Hanno"]
[Result "1-0"]
[WhiteElo "1999"]
[BlackElo "1383"]
[PlyCount "43"]
[EventDate "2018.03.30"]
[EventType "swiss"]
[EventRounds "7"]
[EventCountry "GER"]
[SourceTitle "CBM 183 Extra"]
[Source "ChessBase"]
[SourceDate "2018.04.19"]
[SourceVersion "1"]
[SourceVersionDate "2018.04.19"]
[SourceQuality "1"]

1. Nf3 d6 2. d4 Nf6 3. c4 Bg4 4. Nc3 e6 5. e4 Nbd7 6. Be2 Be7 7. 0-0 0-0 8. Be3 e5 9. d5 c6 10. c5 Nxc5 11. Bxc5 dxc5 12. dxc6 bxc6 13. Nxe5 Bxe2 14. Qxe2 Qc7 15. Nc4 Bd6 16. Nxd6 Qxd6 17. e5 Qe6 18. exf6 Qxf6 19. Rfe1 g6 20. Ne4 Qf5 21. Qc4 Rad8 22. Qxc5 1-0

[Event "Helsingor Xtracon op"]
[Site "Helsingor"]
[Date "2017.07.30"]
[Round "10"]
[White "Von Knobloch, Hanno"]
[Black "Skjoldager, Morten"]
[Result "1/2-1/2"]
[WhiteElo "1356"]
[BlackElo "1538"]
[PlyCount "53"]
[EventDate "2017.07.22"]
[EventType "swiss"]
[EventRounds "10"]
[EventCountry "DEN"]
[SourceTitle "CBM 179 Extra"]
[Source "ChessBase"]
[SourceDate "2017.08.23"]
[SourceVersion "1"]
[SourceVersionDate "2017.08.23"]
[SourceQuality "1"]

1. e4 e5 2. Nf3 Nc6 3. Bc4 Bc5 4. c3 Nf6 5. d4 exd4 6. cxd4 Bb4+ 7. Nc3 Nxe4 8. 0-0 Bxc3 9. bxc3 Ne7 10. Ne5 d5 11. Bb3 0-0 12. Qf3 Ng6 13. Qd3 c6 14. f3 Nd6 15. Re1 Re8 16. Bd2 Bf5 17. Qf1 Qf6 18. g4 Be6 19. Nd3 Bd7 20. Qf2 Re6 21. Nc5 Rxe1+ 22. Rxe1 Be6 23. Nxe6 fxe6 24. Qg3 Rd8 25. Bc2 Nc4 26. Bc1 Rf8 27. f4 1/2-1/2

[Event "Helsingor Xtracon op"]
[Site "Helsingor"]
[Date "2017.07.26"]
[Round "6"]
[White "Von Knobloch, Hanno"]
[Black "Rasmussen, Henning Lau"]
[Result "1/2-1/2"]
[WhiteElo "1356"]
[BlackElo "1770"]
[PlyCount "58"]
[EventDate "2017.07.22"]
[EventType "swiss"]
[EventRounds "10"]
[EventCountry "DEN"]
[SourceTitle "CBM 179 Extra"]
[Source "ChessBase"]
[SourceDate "2017.08.23"]
[SourceVersion "1"]
[SourceVersionDate "2017.08.23"]
[SourceQuality "1"]

1. e4 e6 2. d4 d5 3. exd5 exd5 4. Nf3 Bd6 5. c4 c6 6. Nc3 Ne7 7. Bd3 Bg4 8. 0-0 dxc4 9. Bxc4 0-0 10. Bg5 Kh8 11. Re1 f6 12. Bh4 Nd7 13. a3 Nb6 14. Ba2 Bc7 15. Re4 Bf5 16. Re1 Ned5 17. h3 Qd7 18. Bg3 Bxg3 19. fxg3 Rfe8 20. Qd2 Be6 21. Ne4 Bf7 22. Nc5 Qc7 23. Kf2 Nd7 24. b4 b6 25. Nxd7 Qxd7 26. Rac1 Rxe1 27. Nxe1 Rc8 28. Nf3 Bg6 29. g4 Nc7 1/2-1/2

[Event "Helsingor Xtracon op"]
[Site "Helsingor"]
[Date "2017.07.23"]
[Round "2"]
[White "Von Knobloch, Hanno"]
[Black "Svanholm, Borge Waaktaar"]
[Result "0-1"]
[WhiteElo "1356"]
[BlackElo "1761"]
[PlyCount "116"]
[EventDate "2017.07.22"]
[EventType "swiss"]
[EventRounds "10"]
[EventCountry "DEN"]
[SourceTitle "CBM 179 Extra"]
[Source "ChessBase"]
[SourceDate "2017.08.23"]
[SourceVersion "1"]
[SourceVersionDate "2017.08.23"]
[SourceQuality "1"]

1. e4 e6 2. d4 d5 3. Nc3 Nf6 4. Bg5 Be7 5. Bd3 Nxe4 6. Bxe7 Nxc3 7. Bxd8 Nxd1 8. Rxd1 Kxd8 9. Nf3 h6 10. 0-0 Nd7 11. Rfe1 c6 12. b3 Nf6 13. h3 Bd7 14. Ne5 Ke7 15. f4 Rhe8 16. Re3 Kf8 17. Rf1 Rad8 18. g4 Ng8 19. f5 exf5 20. Bxf5 Bxf5 21. Rxf5 Nf6 22. Kf2 Re7 23. h4 Rxe5 24. dxe5 Nxg4+ 25. Kf3 Nxe3 26. Kxe3 Ke7 27. Rf1 Ke6 28. Kd4 b6 29. b4 Rc8 30. c4 c5+ 31. bxc5 bxc5+ 32. Kd3 d4 33. Rb1 Rc7 34. Ke4 Rd7 35. Kd3 Kxe5 36. Re1+ Kf6 37. Rf1+ Ke6 38. Re1+ Kd6 39. Re4 f5 40. Re8 Re7 41. Rd8+ Kc6 42. Rf8 Re3+ 43. Kd2 Rh3 44. Rxf5 Rxh4 45. Rf7 Rh2+ 46. Kd3 Rxa2 47. Rxg7 Ra3+ 48. Kd2 h5 49. Rh7 Rc3 50. Rxh5 Rxc4 51. Rh6+ Kb5 52. Rh7 Ra4 53. Rb7+ Kc4 54. Rb2 Ra3 55. Rc2+ Kd5 56. Rb2 a5 57. Rb8 Ra2+ 58. Kc1 Kc4 0-1

[Event "Helsingor Xtracon op"]
[Site "Helsingor"]
[Date "2017.07.22"]
[Round "1"]
[White "Samaganova, Alexandra"]
[Black "Von Knobloch, Hanno"]
[Result "1-0"]
[WhiteElo "1992"]
[BlackElo "1356"]
[PlyCount "45"]
[EventDate "2017.07.22"]
[EventType "swiss"]
[EventRounds "10"]
[EventCountry "DEN"]
[SourceTitle "CBM 179 Extra"]
[Source "ChessBase"]
[SourceDate "2017.08.23"]
[SourceVersion "1"]
[SourceVersionDate "2017.08.23"]
[SourceQuality "1"]

1. c4 c5 2. Nc3 Nc6 3. g3 g6 4. Bg2 Bg7 5. e4 d6 6. Nge2 e6 7. 0-0 Bd7 8. a3 Nge7 9. Rb1 a6 10. b4 Nd4 11. bxc5 Bc6 12. cxd6 Qxd6 13. Nxd4 Qxd4 14. Qb3 0-0 15. Ne2 Qd7 16. f4 Rab8 17. Qe3 Rfd8 18. Rf2 Bd4 19. Nxd4 Qxd4 20. Bb2 Qxc4 21. d4 Qa4 22. Qc3 Bxe4 23. d5 1-0